Predaj podniku alebo jeho časti z pohľadu účtovných a daňových aspektov

Obchodný zákonník (§ 476-488). Zákon o účtovníctve č. 431/2002 Z.z. v znení neskorších predpisov. Zákon o dani z príjmov č. 595/2003 Z.z. v znení neskorších predpisov. Daňovník kupujúci podnik.

Enregistré dans:
Détails bibliographiques
Auteur principal: Murínová, Mária
Format: Chapitre de livre
Langue:slovaque
Sujets:
Tags: Ajouter un tag
Pas de tags, Soyez le premier à ajouter un tag!

MARC

LEADER 00000naa$a2200000$$$4500
001 0116425
005 20231106095624.4
041 0 |a slo 
044 |a SK 
245 1 0 |a Predaj podniku alebo jeho časti z pohľadu účtovných a daňových aspektov  |c Mária Murínová 
520 |a Obchodný zákonník (§ 476-488). Zákon o účtovníctve č. 431/2002 Z.z. v znení neskorších predpisov. Zákon o dani z príjmov č. 595/2003 Z.z. v znení neskorších predpisov. Daňovník kupujúci podnik. 
610 2 0 |a predaj 
610 2 0 |a podnik 
610 2 0 |a zákonník obchodný 
610 2 0 |a zákony 
610 2 0 |a účtovníctvo 
610 2 0 |a dane z príjmov 
100 1 |a Murínová, Mária